Panoroma: dela langue francaise. / (Record no. 1526)
[ view plain ]
| 000 -LEADER | |
|---|---|
| fixed length control field | 00374nam a22001337a 4500 |
| 008 - FIXED-LENGTH DATA ELEMENTS--GENERAL INFORMATION | |
| fixed length control field | 120621t xxu||||| |||| 00| 0 eng d |
| 020 ## - INTERNATIONAL STANDARD BOOK NUMBER | |
| International Standard Book Number | 2090334681 |
| 050 ## - LIBRARY OF CONGRESS CALL NUMBER | |
| Classification number | PC2129.E5 G454 |
| 100 ## - MAIN ENTRY--PERSONAL NAME | |
| Personal name | Girardet, Jacky |
| 245 ## - TITLE STATEMENT | |
| Title | Panoroma: dela langue francaise. / |
| Statement of responsibility, etc. | Jacky, Girardet |
| 260 ## - PUBLICATION, DISTRIBUTION, ETC. | |
| Name of publisher, distributor, etc. | Cle International Sejer, |
| Date of publication, distribution, etc. | 2004. |
| 300 ## - PHYSICAL DESCRIPTION | |
| Extent | 191 p.: |
| Other physical details | ill.: |
| Dimensions | 26cm. |
| 942 ## - ADDED ENTRY ELEMENTS (KOHA) | |
| Source of classification or shelving scheme | Library of Congress Classification |
| Koha item type | Books |
| Withdrawn status | Lost status | Source of classification or shelving scheme | Damaged status | Not for loan | Home library | Current library | Shelving location | Date acquired | Total Checkouts | Full call number | Barcode | Date last seen | Copy number | Price effective from | Koha item type |
|---|---|---|---|---|---|---|---|---|---|---|---|---|---|---|---|
| Library of Congress Classification | WISCONSIN INTERNATIONAL UNIVERSITY COLLEGE, GHANA - MAIN LIBRARY | WISCONSIN INTERNATIONAL UNIVERSITY COLLEGE, GHANA - MAIN LIBRARY | General Stacks | 21/06/2012 | PC2129.E5 G454 | 4232/12 | 21/06/2012 | 1 | 21/06/2012 | Books |
